[Event "ODJM B 2017"]
[Site "Willingen GER"]
[Date "2017.06.06"]
[Round "5"]
[White "Schulze, Lukas"]
[Black "Youness, Fatima"]
[Result "1-0"]
[Termination "normal"]
[Board "9"]
[WhiteElo "1408"]
[BlackElo "1493"]
[PlyCount "25"]
[WhiteFideId "12956856"]
[BlackFideId "16214404"]
[EventCountry "GER"]
[EventRounds "9"]
[EventType "swiss"]
[EventDate "2017.06.03"]

1. Nf3 d5 2. c4 e6 3. g3 Nf6 4. Bg2 Be7 5. O-O O-O 6. d4 c6 7. Qc2 Nbd7 8. Nbd2
b6 9. e4 Bb7 10. Ng5 e5 11. exd5 cxd5 12. cxd5 Nxd5 13. Qxh7# 1-0

[Event "ODJM B 2017"]
[Site "Willingen GER"]
[Date "2017.06.06"]
[Round "5"]
[White "Haase, Dominik"]
[Black "Huppert, Anna"]
[Result "0-1"]
[Termination "normal"]
[Board "10"]
[WhiteElo "1468"]
[BlackElo "1383"]
[PlyCount "106"]
[WhiteFideId "16208781"]
[BlackFideId "16214439"]
[EventCountry "GER"]
[EventRounds "9"]
[EventType "swiss"]
[EventDate "2017.06.03"]

1. Nf3 d5 2. g3 Nc6 3. Bg2 Nf6 4. d3 e5 5. O-O Bc5 6. c4 Be6 7. Ng5 Qd7 8. Nxe6
Qxe6 9. Nd2 O-O 10. b3 Rad8 11. Bb2 Rfe8 12. Rc1 Bb6 13. a3 a5 14. Nb1 d4 15.
Bxc6 Qxc6 16. Qd2 Qe6 17. c5 Qh3 18. f3 Ba7 19. Qxa5 Bb8 20. Nd2 Nd5 21. Qa4 c6
22. Ne4 Ne3 23. Rf2 f5 24. Nd2 Re6 25. Nf1 Nd5 26. b4 Rg6 27. Qb3 Kf8 28. Qc2
e4 29. dxe4 Ne3 30. exf5 Nxc2 31. fxg6 Ne3 32. gxh7 Nxf1 33. Rfxf1 Qxh7 34.
Rcd1 Be5 35. e3 Qh3 36. Bxd4 Bxg3 37. hxg3 Qxg3+ 38. Kh1 Ke7 39. Bf6+ gxf6 40.
Rxd8 Kxd8 41. e4 Ke7 42. f4 Ke6 43. e5 fxe5 44. fxe5 Kxe5 45. b5 Qxa3 46. bxc6
bxc6 47. Re1+ Kd5 48. Kg1 Kxc5 49. Kf1 Kd4 50. Rd1+ Kc3 51. Ke2 Qe7+ 52. Kf2
Kc2 53. Re1 Qxe1+ 0-1

[Event "ODJM B 2017"]
[Site "Willingen GER"]
[Date "2017.06.06"]
[Round "5"]
[White "Seliokaite, Ana"]
[Black "Borgmann, Simon"]
[Result "1/2-1/2"]
[Termination "normal"]
[Board "11"]
[WhiteElo "1283"]
[BlackElo "1647"]
[PlyCount "63"]
[WhiteFideId "16224817"]
[BlackFideId "16234677"]
[EventCountry "GER"]
[EventRounds "9"]
[EventType "swiss"]
[EventDate "2017.06.03"]

1. e4 e5 2. Nf3 Nc6 3. Bc4 Bc5 4. d4 exd4 5. Ng5 Nh6 6. Nxf7 Nxf7 7. Bxf7+ Kxf7
8. Qh5+ g6 9. Qxc5 Qe7 10. Qc4+ Qe6 11. Qd3 d5 12. f3 dxe4 13. fxe4 Re8 14.
O-O+ Kg8 15. Re1 Nb4 16. Qd2 Nxa2 17. b3 Nxc1 18. Qxc1 b6 19. Qf4 Qe5 20. Qf2
Bb7 21. Nd2 Rf8 22. Nf3 Qd6 23. Rad1 Rad8 24. c3 c5 25. cxd4 cxd4 26. e5 Qb4
27. e6 Rde8 28. Rd3 Bxf3 29. gxf3 Re7 30. Rxd4 Qxb3 31. Re3 Qb1+ 32. Kg2
1/2-1/2

[Event "ODJM B 2017"]
[Site "Willingen GER"]
[Date "2017.06.06"]
[Round "5"]
[White "Duong, Nhat-Minh"]
[Black "Schulter, Moritz"]
[Result "0-1"]
[Termination "normal"]
[Board "12"]
[WhiteElo "936"]
[BlackElo "1324"]
[PlyCount "106"]
[WhiteFideId "16245261"]
[BlackFideId "16245067"]
[EventCountry "GER"]
[EventRounds "9"]
[EventType "swiss"]
[EventDate "2017.06.03"]

1. e4 e5 2. Nf3 Nc6 3. Bc4 Bc5 4. O-O Nf6 5. Nc3 d6 6. d3 h6 7. Be3 Bb6 8. Re1
Be6 9. Bxe6 fxe6 10. Qe2 O-O 11. Rad1 Qe7 12. d4 exd4 13. Nxd4 Nxd4 14. Bxd4
Bxd4 15. Rxd4 e5 16. Rd3 Qf7 17. h3 Nh5 18. Rf3 Nf4 19. Qd2 Qe6 20. b3 Rf7 21.
Ree3 Raf8 22. Ne2 Qg6 23. Rg3 Qe6 24. Kh2 Rf6 25. Rg4 h5 26. Rg5 Qf7 27. Rf3
Nxe2 28. Qxe2 Rxf3 29. gxf3 Qxf3 30. Qxf3 Rxf3 31. Rg2 Rf4 32. f3 Rxf3 33. Re2
Kf7 34. Kg2 Rf4 35. Re3 h4 36. Rf3 Rxf3 37. Kxf3 g5 38. Kg4 Kf6 39. Kh5 c6 40.
c3 d5 41. exd5 cxd5 42. a3 Kf5 43. a4 e4 44. c4 dxc4 45. bxc4 e3 46. Kh6 e2 47.
Kg7 e1=Q 48. c5 Qc3+ 49. Kh7 Qxc5 50. a5 Qe7+ 51. Kh6 Qf8+ 52. Kh7 Kf6 53. a6
Qg7# 0-1

[Event "ODJM B 2017"]
[Site "Willingen GER"]
[Date "2017.06.06"]
[Round "5"]
[White "Wirth, Tobias"]
[Black "Götz, Timon"]
[Result "1/2-1/2"]
[Termination "normal"]
[Board "13"]
[WhiteElo "1383"]
[BlackElo "1385"]
[PlyCount "51"]
[WhiteFideId "16230213"]
[BlackFideId "16245040"]
[EventCountry "GER"]
[EventRounds "9"]
[EventType "swiss"]
[EventDate "2017.06.03"]

1. Nf3 Nf6 2. g3 d5 3. Bg2 c5 4. d3 Nc6 5. Nbd2 e6 6. O-O Be7 7. c4 O-O 8. b3
b6 9. Bb2 Bb7 10. a3 Qc7 11. Qc2 Rfd8 12. Rfd1 Rab8 13. Rab1 a6 14. a4 Nb4 15.
Qc1 d4 16. Nf1 Rd7 17. Qd2 Rbd8 18. Ba3 a5 19. Bxb4 axb4 20. Qc2 g6 21. Rd2 Bf8
22. Rbd1 Bg7 23. Qb1 Re7 24. e3 Ne8 25. e4 e5 26. Re2 1/2-1/2

[Event "ODJM B 2017"]
[Site "Willingen GER"]
[Date "2017.06.06"]
[Round "5"]
[White "Reuker, Ronja"]
[Black "Langer, Paul Georg"]
[Result "0-1"]
[Termination "normal"]
[Board "14"]
[WhiteElo "1331"]
[BlackElo "1414"]
[PlyCount "50"]
[WhiteFideId "12947172"]
[BlackFideId "16230051"]
[EventCountry "GER"]
[EventRounds "9"]
[EventType "swiss"]
[EventDate "2017.06.03"]

1. e4 e5 2. Nf3 Nc6 3. Bb5 Nge7 4. d4 exd4 5. Nxd4 g6 6. c3 Bg7 7. O-O O-O 8.
Re1 h6 9. Be3 d6 10. Bc4 Kh7 11. Nd2 f5 12. exf5 Nxf5 13. Nf1 Nxe3 14. Rxe3
Nxd4 15. cxd4 Qf6 16. Qe2 Bd7 17. Re7 Rae8 18. Rxe8 Rxe8 19. Qc2 Qxd4 20. Bd3
Qf6 21. Qxc7 Bc6 22. Rb1 Rf8 23. f3 Qd4+ 24. Kh1 Qxd3 25. Re1 Re8 0-1

[Event "ODJM B 2017"]
[Site "Willingen GER"]
[Date "2017.06.06"]
[Round "5"]
[White "von der Weyden, Louis"]
[Black "Grimm, Nicola Marie"]
[Result "1/2-1/2"]
[Termination "normal"]
[Board "15"]
[WhiteElo "1366"]
[BlackElo "1239"]
[PlyCount "66"]
[WhiteFideId "16207050"]
[BlackFideId "12988987"]
[EventCountry "GER"]
[EventRounds "9"]
[EventType "swiss"]
[EventDate "2017.06.03"]

1. c4 c5 2. Nc3 Nf6 3. e4 Nc6 4. g3 g6 5. Bg2 d6 6. Nge2 Bg7 7. O-O O-O 8. a3
Bd7 9. Rb1 Rb8 10. b4 b6 11. b5 Ne5 12. d3 Bg4 13. f4 Ned7 14. h3 Bxe2 15. Qxe2
Nh5 16. Qe1 Nxg3 17. Qxg3 Bxc3 18. Bb2 Bxb2 19. Rxb2 e5 20. Rbf2 exf4 21. Qxf4
Ne5 22. Qg3 Rb7 23. h4 h5 24. Bh3 Qe7 25. Rd1 Kh8 26. Bf1 Ng4 27. Rf4 Qe5 28.
Rf3 Qd4+ 29. Kh1 Ne5 30. Rd2 Nxf3 31. Qxf3 Re7 32. Bh3 Qa1+ 33. Kh2 Qe5+
1/2-1/2

[Event "ODJM B 2017"]
[Site "Willingen GER"]
[Date "2017.06.06"]
[Round "5"]
[White "Lohrmann, Linus"]
[Black "Eichstaedt, Ina"]
[Result "0-1"]
[Termination "normal"]
[Board "16"]
[WhiteElo "1422"]
[BlackElo "1215"]
[PlyCount "106"]
[WhiteFideId "12982857"]
[BlackFideId "1270265"]
[EventCountry "GER"]
[EventRounds "9"]
[EventType "swiss"]
[EventDate "2017.06.03"]

1. e4 e5 2. Nf3 Nc6 3. d4 exd4 4. Bc4 Nf6 5. e5 Qe7 6. O-O Ng4 7. Bg5 f6 8.
exf6 gxf6 9. Bf4 d6 10. h3 Nge5 11. Re1 Bg7 12. Nxe5 dxe5 13. Qh5+ Kd8 14. c3
Be6 15. Bxe6 Qxe6 16. Na3 dxc3 17. Rad1+ Kc8 18. bxc3 b6 19. Qf3 Kb7 20. Nb5
Rad8 21. Nd4 Qc4 22. Nxc6 Qxc6 23. Qg3 exf4 24. Qxg7 Rhg8 25. Rd6 Qxd6 26. Qxh7
Qc6 27. f3 Rge8 28. Rc1 Qc5+ 29. Kh2 Re2 30. Qh4 Qg5 31. Qg4 Qxg4 32. hxg4 Rh8+
33. Kg1 Rxa2 34. c4 Re8 35. Rd1 Ree2 36. Rd4 Rxg2+ 37. Kh1 Rgd2 38. Rxd2 Rxd2
39. Kg1 Rc2 40. Kf1 Rxc4 41. Ke1 Rc3 42. Kd2 Rxf3 43. Ke2 Rg3 44. Kf2 a5 45. g5
fxg5 46. Ke2 Kc6 47. Kf2 a4 48. Ke2 a3 49. Kf2 a2 50. Ke2 a1=Q 51. Kf2 Qa2+ 52.
Kf1 Qb2 53. Ke1 Rg1# 0-1

[Event "ODJM B 2017"]
[Site "Willingen GER"]
[Date "2017.06.06"]
[Round "5"]
[White "Winterberg, Martin"]
[Black "Bayer, Oliver"]
[Result "0-1"]
[Termination "normal"]
[Board "18"]
[WhiteElo "1207"]
[BlackElo "1284"]
[PlyCount "174"]
[WhiteFideId "16245091"]
[BlackFideId "16243978"]
[EventCountry "GER"]
[EventRounds "9"]
[EventType "swiss"]
[EventDate "2017.06.03"]

1. e4 e5 2. Nf3 Nc6 3. Bc4 Nf6 4. d4 exd4 5. O-O d5 6. e5 dxc4 7. exf6 Qxf6 8.
Bg5 Qd6 9. Re1+ Be6 10. Nbd2 Be7 11. Ne4 Qd7 12. Bxe7 Qxe7 13. Nxd4 Rd8 14.
Nxc6 Rxd1 15. Nxe7 Rxa1 16. Rxa1 Kxe7 17. Re1 Rd8 18. Nc3 a6 19. f4 Kf8 20. Rd1
Ke7 21. Rxd8 Kxd8 22. Kf2 Bf5 23. Na4 Bxc2 24. Nc5 Kc8 25. Ke3 c3 26. bxc3 Kb8
27. Kd4 Ka7 28. g4 b6 29. Ne4 Bxe4 30. Kxe4 Kb7 31. Ke5 Kc8 32. f5 Kd7 33. f6
g6 34. h4 h6 35. g5 hxg5 36. hxg5 Kc6 37. Kd4 Kb5 38. Kd5 a5 39. a3 Ka4 40. Kc6
Kxa3 41. Kd7 Kb3 42. Ke7 a4 43. Kxf7 a3 44. Kxg6 a2 45. f7 a1=Q 46. f8=Q Qxc3
47. Qf7+ Ka4 48. Qe8+ b5 49. Qa8+ Kb3 50. Qd5+ Qc4 51. Qf7 Kb4 52. Qe7+ c5 53.
Kh7 Qh4+ 54. Kg6 Kc4 55. Qe2+ Kb4 56. Qb2+ Ka5 57. Qa3+ Kb6 58. Qf3 b4 59. Qf6+
Kb5 60. Kf7 Qh7+ 61. Kf8 Qh4 62. Qf1+ c4 63. Qf5+ Ka4 64. g6 Qd8+ 65. Kf7 Qc7+
66. Kf8 Qb8+ 67. Kf7 b3 68. g7 b2 69. Qc2+ Qb3 70. Qxb3+ Kxb3 71. g8=Q b1=Q 72.
Kf6 Qf1+ 73. Ke5 Qe2+ 74. Kd4 Qd3+ 75. Kc5 Qe3+ 76. Kb5 Qe5+ 77. Kc6 Kc3 78.
Qg2 Qd4 79. Qg3+ Qd3 80. Qe1+ Kc2 81. Qf2+ Kc3 82. Qe1+ Kb3 83. Qe6 Kc2 84. Kc5
c3 85. Qa2+ Kd1 86. Qa1+ Kd2 87. Qa5 Qf5+ 0-1

[Event "ODJM B 2017"]
[Site "Willingen GER"]
[Date "2017.06.06"]
[Round "5"]
[White "Abicht, Aruna Sophia"]
[Black "Hapke, Lara"]
[Result "1-0"]
[Termination "normal"]
[Board "19"]
[WhiteElo "1281"]
[BlackElo "1347"]
[PlyCount "89"]
[BlackFideId "12996572"]
[EventCountry "GER"]
[EventRounds "9"]
[EventType "swiss"]
[EventDate "2017.06.03"]

1. e4 e5 2. Nf3 Nc6 3. Bc4 Bc5 4. c3 Nf6 5. d3 d6 6. Bb3 a6 7. O-O Bg4 8. Nbd2
Qd7 9. Re1 O-O-O 10. Nf1 g6 11. Bg5 Qe7 12. h3 h6 13. Bxf6 Qxf6 14. hxg4 h5 15.
gxh5 gxh5 16. Ng3 Rdg8 17. Nf5 Qg6 18. N3h4 Qg5 19. Bxf7 Rf8 20. Nf3 Qf6 21.
Bd5 Ne7 22. Nxe7+ Qxe7 23. d4 Ba7 24. Qb3 Bb6 25. Be6+ Kb8 26. Bf5 Rhg8 27. Kf1
Qg7 28. Ke2 exd4 29. cxd4 Qe7 30. Qe6 Qxe6 31. Bxe6 Rxg2 32. Rg1 Rxg1 33. Rxg1
Re8 34. Rg8 Rxg8 35. Bxg8 h4 36. d5 h3 37. Be6 Bd4 38. b3 h2 39. Nxh2 Be5 40.
Ng4 Ka7 41. Nxe5 dxe5 42. Ke3 Kb6 43. f4 Kb5 44. fxe5 Kb4 45. d6 1-0

[Event "ODJM B 2017"]
[Site "Willingen GER"]
[Date "2017.06.06"]
[Round "5"]
[White "Lorenz, Keana"]
[Black "Kiefhaber, Tobias"]
[Result "1-0"]
[Termination "normal"]
[Board "20"]
[WhiteElo "1270"]
[BlackElo "1093"]
[PlyCount "87"]
[WhiteFideId "12990248"]
[BlackFideId "16240693"]
[EventCountry "GER"]
[EventRounds "9"]
[EventType "swiss"]
[EventDate "2017.06.03"]

1. d4 d5 2. Nf3 Nf6 3. e3 g6 4. Bd3 Bg7 5. b3 O-O 6. O-O Nc6 7. Bb2 Re8 8. Nbd2
Nb4 9. Be2 Bf5 10. c3 Nc6 11. c4 e6 12. Rc1 a6 13. a3 Ne4 14. Nxe4 Bxe4 15. Nd2
Bf5 16. f3 e5 17. e4 Bd7 18. cxd5 Nxd4 19. Bxd4 exd4 20. b4 a5 21. Nb3 axb4 22.
axb4 Ba4 23. Qd3 Qd6 24. Nxd4 Qxb4 25. Nc2 Bxc2 26. Rxc2 Ra3 27. Qd1 Bd4+ 28.
Kh1 Rea8 29. Rxc7 Ra1 30. Rc1 Qb2 31. Rxa1 Rxa1 32. Qd3 Rxf1+ 33. Bxf1 Qa1 34.
h4 Kf8 35. Kh2 Be5+ 36. Kh3 Qe1 37. f4 Bxf4 38. g3 Be5 39. Qa3+ Kg7 40. Bg2 Kh6
41. d6 Qf2 42. d7 Bc7 43. Qf8+ Kh5 44. g4# 1-0

[Event "ODJM B 2017"]
[Site "Willingen GER"]
[Date "2017.06.06"]
[Round "5"]
[White "Chouiki, Tarek"]
[Black "Hoffmann, Kay"]
[Result "0-1"]
[Termination "normal"]
[Board "21"]
[WhiteElo "1181"]
[BlackElo "1059"]
[PlyCount "84"]
[WhiteFideId "16212266"]
[BlackFideId "16227000"]
[EventCountry "GER"]
[EventRounds "9"]
[EventType "swiss"]
[EventDate "2017.06.03"]

1. e4 d5 2. exd5 Qxd5 3. Nc3 Qa5 4. Nf3 Nf6 5. Bc4 Bf5 6. d3 c6 7. Bd2 Qc7 8.
Qc1 e6 9. Bf4 Bd6 10. Bxd6 Qxd6 11. h3 Nbd7 12. Nh4 Bg6 13. Qe3 Nb6 14. Bb3
O-O-O 15. O-O-O Nfd5 16. Bxd5 exd5 17. f4 d4 18. Ne4 dxe3 19. Nxd6+ Rxd6 20. g4
f6 21. Rde1 Re8 22. Ng2 Bf7 23. b3 Nd5 24. c4 Nb4 25. Rxe3 Rxe3 26. Nxe3 Nxd3+
27. Kb1 Nxf4 28. Nf5 Bg6 29. Re1 Re6 30. Rd1 Bxf5+ 31. gxf5 Re5 32. Rg1 Nh5 33.
Kb2 Rxf5 34. Re1 Re5 35. Rxe5 fxe5 36. Kc3 Kd7 37. Kd3 Nf4+ 38. Ke3 Nxh3 39.
Ke4 Ke6 40. Kf3 Kf5 41. a4 g5 42. b4 g4+ 0-1

[Event "ODJM B 2017"]
[Site "Willingen GER"]
[Date "2017.06.06"]
[Round "5"]
[White "Ljuca, Semir"]
[Black "Frank, Cillian"]
[Result "1-0"]
[Termination "normal"]
[Board "22"]
[WhiteElo "1263"]
[BlackElo "1065"]
[PlyCount "33"]
[WhiteFideId "16216130"]
[BlackFideId "16245202"]
[EventCountry "GER"]
[EventRounds "9"]
[EventType "swiss"]
[EventDate "2017.06.03"]

1. e4 e5 2. d4 exd4 3. Qxd4 Nc6 4. Qe3 g6 5. Bd2 Bg7 6. Nc3 d6 7. O-O-O Be6 8.
Bb5 Qd7 9. Nf3 Nge7 10. Nd5 Rb8 11. Ba5 b6 12. Nxe7 Kxe7 13. Bc3 Bxc3 14. Qxc3
Nd4 15. Nxd4 Qc8 16. Nc6+ Kf8 17. Qxh8# 1-0

[Event "ODJM B 2017"]
[Site "Willingen GER"]
[Date "2017.06.06"]
[Round "5"]
[White "Schönweiler, Elisabeth"]
[Black "Robelly, David"]
[Result "1-0"]
[Termination "normal"]
[Board "23"]
[WhiteElo "1341"]
[BlackElo "1058"]
[PlyCount "119"]
[WhiteFideId "12997005"]
[BlackFideId "16236300"]
[EventCountry "GER"]
[EventRounds "9"]
[EventType "swiss"]
[EventDate "2017.06.03"]

1. e4 e5 2. Nf3 Nc6 3. Bc4 Nf6 4. d3 Be7 5. Nc3 O-O 6. O-O d6 7. h3 Kh8 8. Ng5
Kg8 9. Be3 h6 10. Nf3 Kh8 11. Qd2 Ng8 12. Ne2 f5 13. exf5 Bxf5 14. Ng3 d5 15.
Bb5 d4 16. Bxc6 dxe3 17. Qxe3 bxc6 18. Nxe5 Bg5 19. f4 Be7 20. Nxc6 Qd7 21. Ne5
Qe6 22. c3 Rab8 23. b3 Bd6 24. d4 Nf6 25. Ng6+ Kg8 26. Qxe6+ Bxe6 27. Nxf8 Rxf8
28. Rae1 Bd5 29. Nf5 Ne4 30. Nxd6 cxd6 31. c4 Bb7 32. d5 Ng3 33. Rf3 Nf5 34.
Re4 Nh4 35. Rf1 Nf5 36. Kf2 Bc8 37. Rfe1 Bd7 38. Rf1 Bc8 39. Rfe1 Bd7 40. g4
Nh4 41. Kg3 Ng6 42. h4 Rf7 43. h5 Nf8 44. Re7 Rxe7 45. Rxe7 Bc8 46. Rxa7 Bd7
47. a4 Bc8 48. Re7 Bd7 49. a5 Bc8 50. b4 Bd7 51. b5 Bc8 52. a6 Bd7 53. a7 Bc8
54. a8=Q Bd7 55. Rxd7 g5 56. fxg5 hxg5 57. Rd8 Kg7 58. Rxf8 Kh6 59. Rh8+ Kg7
60. Qf8# 1-0

[Event "ODJM B 2017"]
[Site "Willingen GER"]
[Date "2017.06.06"]
[Round "5"]
[White "Kobald, Pierre"]
[Black "Guo, Philipp Ziming"]
[Result "0-1"]
[Termination "normal"]
[Board "24"]
[WhiteElo "1287"]
[BlackElo "1070"]
[PlyCount "54"]
[WhiteFideId "12983659"]
[BlackFideId "16245199"]
[EventCountry "GER"]
[EventRounds "9"]
[EventType "swiss"]
[EventDate "2017.06.03"]

1. e4 e5 2. f4 Nc6 3. Nf3 exf4 4. Bc4 Bc5 5. d4 Bb6 6. Bxf4 Nf6 7. Nc3 h6 8.
O-O O-O 9. Qd2 Kh7 10. e5 Ng8 11. Bd3+ Kh8 12. Nd5 Bxd4+ 13. Nxd4 Nxd4 14. Rae1
Ne6 15. Be3 c6 16. Nf4 b5 17. Nh5 f6 18. exf6 Nxf6 19. Bxh6 Nxh5 20. Bxg7+ Kxg7
21. Re5 Nhf4 22. g3 Nxd3 23. Qxd3 Rxf1+ 24. Kxf1 Qe7 25. Rh5 Nf8 26. Qd4+ Qf6+
27. Qxf6+ Kxf6 0-1

[Event "ODJM B 2017"]
[Site "Willingen GER"]
[Date "2017.06.06"]
[Round "5"]
[White "Paeslack, Timo"]
[Black "Schmidt, Pauline"]
[Result "0-1"]
[Termination "normal"]
[Board "25"]
[WhiteElo "1041"]
[BlackElo "1244"]
[PlyCount "98"]
[WhiteFideId "12993522"]
[BlackFideId "16209850"]
[EventCountry "GER"]
[EventRounds "9"]
[EventType "swiss"]
[EventDate "2017.06.03"]

1. e4 e5 2. Nf3 Nc6 3. Nc3 Nf6 4. Bc4 Bc5 5. Ng5 O-O 6. O-O h6 7. Nf3 d6 8. h3
Be6 9. Bxe6 fxe6 10. d3 Nh5 11. Re1 Nf4 12. Bxf4 exf4 13. d4 Bb4 14. Qd3 e5 15.
d5 Ne7 16. a3 Bc5 17. Re2 Qe8 18. b4 Bb6 19. a4 a6 20. a5 Ba7 21. b5 Bc5 22.
Na4 Qxb5 23. Qxb5 axb5 24. Nxc5 dxc5 25. Nxe5 b6 26. c4 b4 27. Rea2 Nc8 28.
axb6 Rxa2 29. Rxa2 Nxb6 30. Ra5 Re8 31. Nd3 Rxe4 32. Nxc5 Rxc4 33. Na4 Nxa4 34.
Rxa4 Kf7 35. Ra6 b3 36. d6 cxd6 37. Rb6 Rc3 38. Kh2 d5 39. Rb4 g5 40. f3 Ke6
41. Rb6+ Ke5 42. Rb4 h5 43. Rb5 Kd4 44. Rb4+ Kd3 45. g4 Rc2+ 46. Kg1 b2 47.
Rxb2 Rxb2 48. gxh5 Rb8 49. Kf2 Rh8 0-1

[Event "ODJM B 2017"]
[Site "Willingen GER"]
[Date "2017.06.06"]
[Round "5"]
[White "Butenandt, Albrecht"]
[Black "Lorenz, Anouk"]
[Result "0-1"]
[Termination "normal"]
[Board "26"]
[WhiteElo "1031"]
[BlackElo "1210"]
[PlyCount "116"]
[WhiteFideId "16213424"]
[BlackFideId "12990256"]
[EventCountry "GER"]
[EventRounds "9"]
[EventType "swiss"]
[EventDate "2017.06.03"]

1. e4 c5 2. Nc3 Nc6 3. f4 g6 4. Bc4 e6 5. Nf3 Bg7 6. O-O Nge7 7. d3 O-O 8. Qe1
d5 9. exd5 exd5 10. Bb5 a6 11. Bxc6 Nxc6 12. Ne5 Nxe5 13. fxe5 Re8 14. Bf4 b5
15. Qg3 Ra7 16. Bg5 Qc7 17. Nxd5 Qxe5 18. Qxe5 Rxe5 19. Nf6+ Bxf6 20. Bxf6 Re2
21. c4 Rd7 22. cxb5 axb5 23. Rad1 Rd6 24. Bg5 Rxb2 25. a3 Bb7 26. Rf2 Rb3 27.
Be7 Rdxd3 28. Rxd3 Rxd3 29. Bxc5 f5 30. Rb2 Ba6 31. Ra2 Kf7 32. a4 bxa4 33.
Rxa4 Rd1+ 34. Kf2 Bc8 35. Ra7+ Bd7 36. Kf3 Ke6 37. Kf4 h6 38. g4 g5+ 39. Kf3
Rd3+ 40. Ke2 Rd5 41. gxf5+ Rxf5 42. Bd4 h5 43. Ra6+ Ke7 44. Rh6 Rf4 45. Be3 Re4
46. Rxh5 Bg4+ 47. Kd3 Rxe3+ 48. Kxe3 Bxh5 49. Kf2 Kf6 50. Kg3 Kf5 51. h4 g4 52.
Kg2 Kf4 53. Kf2 g3+ 54. Kg2 Kg4 55. Kg1 Kxh4 56. Kg2 Kg4 57. Kg1 Kh3 58. Kf1
Kh2 0-1

[Event "ODJM B 2017"]
[Site "Willingen GER"]
[Date "2017.06.06"]
[Round "5"]
[White "Pham, Anh Tuan"]
[Black "Senechal, Niklas Bennett"]
[Result "0-1"]
[Termination "normal"]
[Board "27"]
[WhiteElo "1017"]
[BlackElo "1399"]
[PlyCount "94"]
[WhiteFideId "16245229"]
[BlackFideId "16231180"]
[EventCountry "GER"]
[EventRounds "9"]
[EventType "swiss"]
[EventDate "2017.06.03"]

1. e4 c6 2. Nf3 d5 3. exd5 cxd5 4. Nc3 Nf6 5. d4 a6 6. Bd3 Nc6 7. h3 e6 8. Bg5
Be7 9. O-O Qb6 10. Be3 Qxb2 11. Qd2 Bb4 12. Na4 Qa3 13. c3 Ba5 14. Bc2 b5 15.
Qd1 bxa4 16. Bxa4 Bd7 17. Bc1 Qxc3 18. Bd2 Qd3 19. Bxc6 Bxd2 20. Bxa8 Ne4 21.
Re1 Bb5 22. Nxd2 Qxd2 23. Rxe4 Qxd1+ 24. Rxd1 dxe4 25. Bxe4 O-O 26. d5 Rd8 27.
d6 Kf8 28. Bxh7 g6 29. Kh2 Kg7 30. Bxg6 Kxg6 31. f4 Bc4 32. a3 Bd5 33. g4 Rxd6
34. h4 Rb6 35. h5+ Kg7 36. f5 Rb2+ 37. Kh3 Rb3+ 38. Kh4 Rxa3 39. g5 Ra4+ 40.
Kg3 Ra3+ 41. Kf4 Rf3+ 42. Kg4 Rxf5 43. h6+ Kg6 44. Rd3 Rxg5+ 45. Kh4 Kxh6 46.
Rg3 Rxg3 47. Kxg3 a5 0-1

[Event "ODJM B 2017"]
[Site "Willingen GER"]
[Date "2017.06.06"]
[Round "5"]
[White "Guo, Jacob Tingshen"]
[Black "Bakalarz, Adrian"]
[Result "0-1"]
[Termination "normal"]
[Board "28"]
[WhiteElo "971"]
[BlackElo "1039"]
[PlyCount "126"]
[WhiteFideId "16245245"]
[BlackFideId "12955809"]
[EventCountry "GER"]
[EventRounds "9"]
[EventType "swiss"]
[EventDate "2017.06.03"]

1. e4 d5 2. exd5 Nf6 3. c4 c6 4. dxc6 Nxc6 5. Nc3 e5 6. Nf3 Bg4 7. Be2 Bc5 8.
Ng5 Bxe2 9. Nxe2 O-O 10. O-O h6 11. Nf3 e4 12. Ne1 Qc7 13. d3 Rad8 14. Qc2 Nb4
15. Qa4 exd3 16. Nxd3 Nxd3 17. Nc3 Nxc1 18. Raxc1 a6 19. Rcd1 Rxd1 20. Rxd1 Re8
21. Nd5 Qc6 22. Qb3 b5 23. cxb5 Qxd5 24. Qxd5 Nxd5 25. g3 Nf6 26. bxa6 Ra8 27.
a3 Rxa6 28. b4 Ba7 29. Ra1 Nd5 30. b5 Ra5 31. a4 Bb6 32. Kg2 Nc7 33. Kf3 Nxb5
34. Ke4 Nc3+ 35. Kd3 Nxa4 36. Rb1 Bxf2 37. Kc4 Rc5+ 38. Kb4 Nb6 39. Ka3 Nd7 40.
Rd1 Nf6 41. Kb4 Rc8 42. Rf1 Bc5+ 43. Kb5 Nd7 44. Kc4 Bg1+ 45. Kd3 Bxh2 46. g4
Ne5+ 47. Ke4 Nxg4 48. Kf5 Ne3+ 49. Ke4 Nxf1 50. Kd3 Re8 51. Kd4 g5 52. Kd5 g4
53. Kc6 g3 54. Kd7 Re1 55. Kd6 g2+ 56. Kd5 g1=R 57. Kc6 Rg2 58. Kc5 Rd2 59. Kc4
Rc1+ 60. Kb3 Rd8 61. Kb2 Rc7 62. Kb3 Rb8+ 63. Ka4 Ra7# 0-1

[Event "ODJM B 2017"]
[Site "Willingen GER"]
[Date "2017.06.06"]
[Round "5"]
[White "Trampnau, Jan-Niklas"]
[Black "Foos, Vanessa"]
[Result "1-0"]
[Termination "normal"]
[Board "30"]
[WhiteElo "1141"]
[BlackElo "935"]
[PlyCount "91"]
[WhiteFideId "16245156"]
[BlackFideId "16245270"]
[EventCountry "GER"]
[EventRounds "9"]
[EventType "swiss"]
[EventDate "2017.06.03"]

1. d4 d5 2. Bf4 Nc6 3. Nf3 Bf5 4. Ne5 Nxe5 5. Bxe5 Nf6 6. e3 e6 7. Bd3 Bxd3 8.
Qxd3 Bd6 9. Bxd6 Qxd6 10. c3 Qb6 11. Qc2 Qb5 12. Nd2 O-O 13. Qb3 Qd3 14. Qd1
Rfe8 15. Nf3 Qb5 16. Qe2 Qxe2+ 17. Kxe2 Rad8 18. Rhc1 Ng4 19. h3 Nf6 20. c4 c6
21. cxd5 cxd5 22. Rc7 Rd7 23. Rac1 b6 24. Rxd7 Nxd7 25. Rc7 Rd8 26. Rxa7 f6 27.
Rc7 e5 28. a4 e4 29. Nd2 f5 30. Rb7 Kf8 31. b4 Ke8 32. Nb3 Ra8 33. a5 bxa5 34.
bxa5 Kd8 35. g3 Kc8 36. Rb5 Kc7 37. Rxd5 Kc6 38. Rxf5 Rb8 39. Nd2 Rb2 40. Rf7
Ra2 41. Rxg7 Rxa5 42. Nxe4 Nb6 43. Rxh7 Ra2+ 44. Kf3 Nc4 45. Rh6+ Kd5 46. Nc3#
1-0

[Event "ODJM B 2017"]
[Site "Willingen GER"]
[Date "2017.06.06"]
[Round "5"]
[White "Löding, Sarah-Marie"]
[Black "Kessen, Fanny"]
[Result "0-1"]
[Termination "normal"]
[Board "31"]
[WhiteElo "1120"]
[BlackElo "1213"]
[PlyCount "82"]
[WhiteFideId "16245164"]
[BlackFideId "16217357"]
[EventCountry "GER"]
[EventRounds "9"]
[EventType "swiss"]
[EventDate "2017.06.03"]

1. d4 d5 2. Nc3 e6 3. Bf4 Nf6 4. Nf3 Bd6 5. e3 h6 6. Bb5+ c6 7. Bd3 Qe7 8. Ne2
Nbd7 9. O-O Nb6 10. b3 Bd7 11. Ne5 O-O-O 12. Nxf7 Qxf7 13. Bxd6 Rdg8 14. f3 g5
15. Be5 Be8 16. e4 Nbd7 17. f4 g4 18. Ng3 h5 19. exd5 cxd5 20. c4 h4 21. Ne2
Qg7 22. Bd6 Kd8 23. cxd5 exd5 24. Qd2 b6 25. Rac1 Bg6 26. Ba6 Ke8 27. Bb5 h3
28. g3 Kf7 29. Be5 Qh6 30. Bxd7 Nxd7 31. Bxh8 Rxh8 32. Rc7 Bf5 33. Rxa7 Qe6 34.
Re1 Re8 35. Kf2 Qe4 36. Rg1 Qf3+ 37. Ke1 Bd3 38. Rf1 Rxe2+ 39. Kd1 Rxd2+ 40.
Kxd2 Qxf1 41. Rxd7+ Ke8 0-1

[Event "ODJM B 2017"]
[Site "Willingen GER"]
[Date "2017.06.06"]
[Round "5"]
[White "Schulz, Paul"]
[Black "Reuter, Marek"]
[Result "0-1"]
[Termination "normal"]
[Board "32"]
[WhiteElo "1001"]
[BlackElo "1649"]
[PlyCount "60"]
[WhiteFideId "16245237"]
[BlackFideId "16226712"]
[EventCountry "GER"]
[EventRounds "9"]
[EventType "swiss"]
[EventDate "2017.06.03"]

1. e4 c6 2. d4 d5 3. Nc3 dxe4 4. Nxe4 Bf5 5. Bd3 Qxd4 6. f3 Nf6 7. Qe2 e6 8.
Qe3 Qxe3+ 9. Bxe3 Bg6 10. Ne2 Nd5 11. Bc5 Bxc5 12. Nxc5 Bxd3 13. cxd3 b6 14.
Ne4 Ne3 15. Nd6+ Ke7 16. Kf2 Nc2 17. Rac1 Nb4 18. Rhd1 Kxd6 19. a3 Nd5 20. d4
Na6 21. Nc3 Nac7 22. Rc2 Rac8 23. Ne4+ Kd7 24. Ng5 f6 25. Ne4 Rhd8 26. a4 Nb4
27. Rc3 Ncd5 28. Rc4 a5 29. Ke2 Nf4+ 30. Kf2 Nfd3+ 0-1